Flags of the Carribean - Statistics

General Stats
  • This quiz has been taken 64 times
  • The average score is 18 of 30
Answer Stats
Picture Answer % Correct
Bahamas
96%
Barbados
96%
Cuba
94%
Jamaica
92%
Dominican Republic
88%
Antigua and Barbuda
83%
Haiti
81%
Grenada
79%
Puerto Rico
79%
Saint Lucia
79%
Trinidad and Tobago
79%
Dominica
77%
Saint Vincent and the Grenadines
75%
Saint Kitts and Nevis
73%
US Virgin Islands
58%
Aruba
54%
Saint Martin
50%
Anguilla
48%
Curaçao
48%
British Virgin Islands
44%
Martinique
42%
Guadeloupe
40%
Montserrat
35%
Bonaire
31%
Cayman Islands
31%
Saint Barthélemy
31%
Turks and Caicos Islands
31%
Sint Maarten
29%
Saba
27%
Sint Eustatius
23%
No matching quizzes found
Score Distribution
Percent of People with Each Score
Percentile by Number Answered
Your Score History
You have not taken this quiz